Tìm hiểu chính trị kinh tế học phương thức sản xuất tư bản chủ chủ nghĩa trước độc quyền /
Kaydedildi:
| Yazar: | |
|---|---|
| Materyal Türü: | Kitap |
| Dil: | Vietnamese |
| Baskı/Yayın Bilgisi: |
Ho Chi Minh City :
Sự thật ,
1984
|
| Edisyon: | In lần thứ 1 |
| Konular: | |
| Etiketler: |
Etiketle
Etiket eklenmemiş, İlk siz ekleyin!
|
| Thư viện lưu trữ: | Thư viện Trường CĐ Kỹ Thuật Cao Thắng |
|---|
| LEADER | 00729nam a2200193 a 4500 | ||
|---|---|---|---|
| 001 | TVCDKTCT1839 | ||
| 003 | Thư viện trường Cao đẳng Kỹ thuật Cao Thắng | ||
| 005 | 20050810000000 | ||
| 008 | 050810 | ||
| 980 | \ | \ | |a Thư viện Trường CĐ Kỹ Thuật Cao Thắng |
| 024 | |a RG_1 #1 eb0 i1 | ||
| 041 | 0 | # | |a vie |
| 082 | # | # | |a 330.1 / |b V400Đ-t |
| 100 | 1 | # | |a Võ Đại |
| 245 | 0 | 0 | |a Tìm hiểu chính trị kinh tế học phương thức sản xuất tư bản chủ chủ nghĩa trước độc quyền / |c Võ Đại |
| 250 | # | # | |a In lần thứ 1 |
| 260 | # | # | |a Ho Chi Minh City : |b Sự thật , |c 1984 |
| 300 | # | # | |a 395tr. ; |c 19cm |
| 650 | # | 4 | |a Kinh tế--tư bản chủ nghĩa |